<?xml version="1.0" encoding="UTF-8"?><?xml-stylesheet type="text/xsl" href="static/style.xsl"?><OAI-PMH xmlns="http://www.openarchives.org/OAI/2.0/" xmlns:xsi="http://www.w3.org/2001/XMLSchema-instance" xsi:schemaLocation="http://www.openarchives.org/OAI/2.0/ http://www.openarchives.org/OAI/2.0/OAI-PMH.xsd"><responseDate>2026-04-14T17:13:11Z</responseDate><request verb="GetRecord" identifier="oai:uvadoc.uva.es:10324/36616" metadataPrefix="marc">https://uvadoc.uva.es/oai/request</request><GetRecord><record><header><identifier>oai:uvadoc.uva.es:10324/36616</identifier><datestamp>2021-06-23T11:19:51Z</datestamp><setSpec>com_10324_1166</setSpec><setSpec>com_10324_931</setSpec><setSpec>com_10324_894</setSpec><setSpec>col_10324_1338</setSpec></header><metadata><record xmlns="http://www.loc.gov/MARC21/slim" xmlns:doc="http://www.lyncode.com/xoai" xmlns:xsi="http://www.w3.org/2001/XMLSchema-instance" xmlns:dcterms="http://purl.org/dc/terms/" xsi:schemaLocation="http://www.loc.gov/MARC21/slim http://www.loc.gov/standards/marcxml/schema/MARC21slim.xsd">
<leader>00925njm 22002777a 4500</leader>
<datafield tag="042" ind1=" " ind2=" ">
<subfield code="a">dc</subfield>
</datafield>
<datafield tag="720" ind1=" " ind2=" ">
<subfield code="a">Roman Rivas, Laura</subfield>
<subfield code="e">author</subfield>
</datafield>
<datafield tag="720" ind1=" " ind2=" ">
<subfield code="a">Matia Merino, Lara</subfield>
<subfield code="e">author</subfield>
</datafield>
<datafield tag="720" ind1=" " ind2=" ">
<subfield code="a">Prieto Reguilón, Montserrat</subfield>
<subfield code="e">author</subfield>
</datafield>
<datafield tag="720" ind1=" " ind2=" ">
<subfield code="a">Gómez Pallarés, Manuel</subfield>
<subfield code="e">author</subfield>
</datafield>
<datafield tag="260" ind1=" " ind2=" ">
<subfield code="c">2019</subfield>
</datafield>
<datafield tag="520" ind1=" " ind2=" ">
<subfield code="a">Starches have been used to improve the textural properties, substitute fats or increase satiety in yoghurts and acidified milk gels, however studies involving addition of flours are scarce. The objective of this study was to analyze the effect of skim milk substitution by pregelatinized extruded maize flour on the acidification process (changes in pH and rheology), textural properties, syneresis and microstructure of acidified milk gels (15% w/w solids). To this end, pregelatinized flour was used to replace 17, 33 and 50% of the skim milk powder. A greater proportion of flour resulted in a faster acidification process and a higher pH at the gelation point, indicating a faster gelation. The substitution of milk by flour up to 33% increased the firmness and consistency of the set gel, but these changes were reversed with greater substitution levels due to the lack of a connected protein structure. In addition, a greater syneresis of the gels was observed as the milk content was reduced, an effect that was reversed by increasing the percentage of solids in the mixture.</subfield>
</datafield>
<datafield tag="024" ind2=" " ind1="8">
<subfield code="a">Food Bioprocess and Technology, 12:990-999</subfield>
</datafield>
<datafield tag="024" ind2=" " ind1="8">
<subfield code="a">1935-5130</subfield>
</datafield>
<datafield tag="024" ind2=" " ind1="8">
<subfield code="a">http://uvadoc.uva.es/handle/10324/36616</subfield>
</datafield>
<datafield tag="024" ind2=" " ind1="8">
<subfield code="a">10.1007/s11947-019-02252-8</subfield>
</datafield>
<datafield tag="024" ind2=" " ind1="8">
<subfield code="a">990</subfield>
</datafield>
<datafield tag="024" ind2=" " ind1="8">
<subfield code="a">6</subfield>
</datafield>
<datafield tag="024" ind2=" " ind1="8">
<subfield code="a">999</subfield>
</datafield>
<datafield tag="024" ind2=" " ind1="8">
<subfield code="a">Food and Bioprocess Technology</subfield>
</datafield>
<datafield tag="024" ind2=" " ind1="8">
<subfield code="a">12</subfield>
</datafield>
<datafield tag="024" ind2=" " ind1="8">
<subfield code="a">1935-5149</subfield>
</datafield>
<datafield tag="245" ind1="0" ind2="0">
<subfield code="a">Extruded Maize Flour as Texturizing Agent in Acid-Unheated Skim Milk Gels</subfield>
</datafield>
</record></metadata></record></GetRecord></OAI-PMH>